Một số kinh nghiệm trong việc bảo tồn và phát huy văn hóa truyền thống các dân tộc thiểu số /

Bewaard in:
Bibliografische gegevens
Hoofdauteur: Vi Hồng Nhân.
Formaat: Artikel
Taal:Vietnamese
Onderwerpen:
Tags: Voeg label toe
Geen labels, Wees de eerste die dit record labelt!
Thư viện lưu trữ: Thư viện Trường Đại học Đà Lạt
LEADER 00837nam a2200265 4500
001 DLU160176603
005 ##20160913
040 # # |a DLU  |b vie 
041 # # |a vie 
044 # # |a vn 
100 # # |a Vi Hồng Nhân. 
245 # # |a Một số kinh nghiệm trong việc bảo tồn và phát huy văn hóa truyền thống các dân tộc thiểu số /  |c Vi Hồng Nhân. 
653 # # |a Bảo tồn 
653 # # |a Dân tộc thiểu số 
653 # # |a Văn hóa truyền thống 
773 # # |t Tạp chí Văn hóa các dân tộc  |g Số8+ 9, 2002, tr. 55-56 
920 # # |a Phòng Tạp chí -- Trung tâm Thông tin - Thư viện Trường Đại học Đà Lạt 
994 # # |a DLU 
900 # # |a True 
911 # # |a Nguyễn Thị Mai Anh 
925 # # |a G 
926 # # |a A 
927 # # |a BB 
980 # # |a Thư viện Trường Đại học Đà Lạt